00688nam a2200217 450000500170000000800410001701000130005802000230007103500130009403700150010704000180012208200080014010000190014824500690016726000410023627000660027730000300034365000310037365000470040470000190045120090922123048.0700624s1969 ii | b 00| 0beng  aB-358125 a8189696025c150.00 aB-358125 bDBAD / PUB adplbEnglish  a921 aBhatia, Roshi  aSarojini Naidu /cby Roshi Bhatia; illustrated by Shankar Nayak  aDelhi bKala Sahitya Sansthan c2007 a430, First Floor, Maharam Mohalla, Shahdara, bDelhi e110032 a104p. :c22cm(Hb) bill.  aNaidu, Sarojinid1879-1949 aWoman social reformersxBiography zIndia  aNayak, Shankar